000 00622nam a22002177a 4500
003 UA-OsUOA
001 36713
007 ta
008 20060210b un ||||| |||| 00| 0 ukr d
100 _aСологуб В.
090 _a82
_bС11
942 _cSA
040 _aUA-OsUOA
_bukr
_cUA-OsUOA
_dUA-OsUOA
245 _aУкраїнський характер/До 150-річчя від дня народження Дмитра Яворницького
300 _aС.8
955 _a0
041 _aukr
080 _a82
773 0 _w36710
650 7 _a82 Література. Літературознавство
_2UDC
999 _c322951
_d322951